000 01083nab a2200277 u 4500
001 09515
003 HDC
007 cr bn ---aaaaa
008 210202c mydr|nes 0 a may d
040 _aHDC
245 0 _aBiomedical device industry set to improve healthcare
260 _aKuala Lumpur :
_bNew Straits Times,
_c2012
336 _atext
_2rdacontent
337 _acomputer
_2rdamedia
338 _aonline resource
_2rdacarrier
610 _aHalal Development Corporation
650 _aBiomedical engineering.
_912024
650 _aGreen technology
_94598
650 _aHealthcare industry
_9632
710 _aThe New Straits Times
_eissuing body
856 _zRequest full-text at [email protected]
856 _zRequest full-text at [email protected]
942 _2lcc
942 _cNEWS
942 _kNWSC 001483
999 _c6838
_d6838